| 000 | 00605nam a2200145 a 4500 | ||
|---|---|---|---|
| 008 | 121012s2011 ||||||||||||||||| || u | ||
| 050 | _aTHESIS/MBA | ||
| 100 | _aChilila, Lawrence | ||
| 245 | 1 | 0 |
_aImpact of exchange rate volatility on foreign portifolio investment: a case study of LuSE _cby Lawrence Chilila |
| 260 |
_aCBU, Kitwe: _bCopperbelt University _c2011 |
||
| 300 | _ax, 102p.: ill. | ||
| 500 | _aSupervised by Prof. Manohar | ||
| 650 | _aSTOCK EXCHANGES | ||
| 995 |
_FCBU-MAIN LIBRARY (Kitwe) _M1 _UAVAILABLE _WOct 12, 2012 _ZUniversity Collection |
||
| 999 |
_c46268 _d46268 |
||